| 000 | 00391 a2200133 4500 | ||
|---|---|---|---|
| 003 | Nust | ||
| 005 | 20170207163709.0 | ||
| 040 | _cNust | ||
| 082 | _a799 | ||
| 245 |
_aCol Raja Iqbal CSE Lecture Hall Photographs 2013 (Soft Copy) _cMCS |
||
| 260 |
_aRawalpindi _bMCS _c30-10-2013 |
||
| 650 | _a Pictures of Col Raja Iqbal CSE Lecture Hall Photographs 2013, (CD-NO 23,Vol-V) | ||
| 651 | _a Sweet Memories-MCS | ||
| 942 | _cBK | ||
| 999 |
_c207665 _d207665 |
||